000
00308nam a2200133Ia 4500
008
190216s9999||||xx |||||||||||||| ||und||
100
_a
Raja Raman V
245
0
_a
Fundamentals Of Computers
250
_a
second
260
_b
Prentice Hall India
_c
1996
300
_a
316 p
650
_a
Computer
942
_c
BK
999
_c
8516
_d
8516